| 000 | 00880cab a2200181 4500 | ||
|---|---|---|---|
| 001 | ##L132566 | ||
| 008 | 060217n2006 000 0 eng u | ||
| 035 | _a(Sirsi) u132566 | ||
| 041 | 0 | _aeng | |
| 100 | 1 | _aYandall, Paul | |
| 245 | 0 | 0 | _aTrio strike out for global growth - against UK tide |
| 260 | _c2006 | ||
| 490 | 0 |
_aEstates Gazette _v(606) 11 February 2006, 58-60(3) |
|
| 520 | _aCB Richard Ellis, JLL and Cushman and Wakefield Healey and Baker, who have shown revenues increasing by 19%-23.1%. Looks at the top three's plans. Sees mid-sized firms as being under pressure and compares their performance in the UK since 2001 unfavourably with their smaller UK rivals. League table of the top seven global agents and the top three UK performers ranked by turnover and share of market turnover. | ||
| 590 | _aIKA280206 | ||
| 690 | _aPROPERTY-PROPERTY MARKET | ||
| 942 | _n0 | ||
| 999 |
_c76496 _d76496 |
||